| 000 | 00456nam a2200181Ia 4500 | ||
|---|---|---|---|
| 005 | 20250508162024.0 | ||
| 008 | 008 250505s9999 xx 000 0 eng d | ||
| 037 | _aTextual | ||
| 040 |
_aFEDL _beng _cFEDL |
||
| 041 |
_aeng _2eng |
||
| 084 |
_aF, DOS _qFEDL |
||
| 100 | _aDostoyevsky Fyodor | ||
| 245 | 0 | _aStories | |
| 260 |
_aMoscow _bProgress Publishers _c1977 |
||
| 300 | _a382p. | ||
| 942 |
_cTEXL _hF, DOS |
||
| 999 |
_c1373879 _d1373879 |
||